000 00878cam a2200253 a 4500
001 000010654
005 20200929162250.0
008 700114s1969 nyuab b 001 0 eng d
040 _aDO-SdBNP
_cDLC
_dDLC
_dBNPHU
082 _a510.1
_bB493m
100 1 _aBergamini, David,
_d1928-
_925798
245 1 0 _aMathematics, /
_cDavid Bergamini and the editors of Time-Life Books ; introduction of Henry Margenau.
260 _aNew York :
_bTime-Life Books,
_c1969.
300 _a200 p. :
_billus., maps, ;
_c28 cm.
490 1 _aLife science library
500 _aPart of the illustrative matter is col.
504 _aBibliography: p. 196.
650 4 _aMatemáticas
_xObras de divulgación
_925799
700 1 _aMargenau, Henry,
_eintr.
_925800
710 2 _aTime-Life Books.
_925801
830 0 _aLife science library
_925802
910 _aCatalogación derivada
049 _aBNGR
999 _c10409
_d10409